000
00341nam a2200145Ia 4500
008
240830s1992 xx 000 0 und d
041
_a
eng
082
_a
0 DAW
100
_a
DAWN C.S.
245
_a
CLINICAL SURGERY- BAILEY S
260
_b
DAWN BOOKS CALCUTTA
_c
1992
650
_a
GYANECOLOGY
906
_a
N.D.
999
_c
1193885
_d
1193885